000 00730nam a2200241 i 4500
001 C2-0139268
003 PPAK
005 20180727124706.0
008 971224s1987 my a|||| ||||| | eng d
040 _aPPAK
_beng
_cPPAK
_erda
082 0 4 _a320.8
_223
090 0 0 _a320.8
_bWON
_dKK
100 1 _aWong, Poh Kam,
_eauthor
245 1 0 _aKota Setar structure plan :
_beconomic base study final report
264 1 _aAlor Setar, Kedah :
_bMajlis Perbandaran Kota Setar ,
_c1987
300 _aviii, 175 pages :
_billustrations ;
_c30 cm
336 _2rdacontent
_atext
337 _2rdamedia
_aunmediated
338 _2rdacarrier
_avolume
650 1 0 _aMunicipal Corporations
700 0 _aAnwar Ali,
_ecompile
942 _ddc
_cB
999 _c43495
_d43495